[Event "Lovsprings op 08th D"]
[Site "Ringsted"]
[Date "1996.03.22"]
[Round "3"]
[White "Nielsen, Poul Erik2222"]
[Black "Moller, Claus"]
[Result "0-1"]
[WhiteElo "1436"]
[BlackElo "1428"]
[PlyCount "46"]
[EventDate "1996.03.08"]
[EventType "swiss"]
[EventRounds "7"]
[EventCountry "DEN"]
[SourceTitle "EXT 2023"]
[Source "ChessBase"]
[SourceDate "2022.10.05"]
[SourceVersion "1"]
[SourceVersionDate "2022.10.05"]
[SourceQuality "1"]

1. Nf3 d5 2. d4 Nf6 3. c4 dxc4 4. Nc3 Bf5 5. Qa4+ Qd7 6. Qxc4 Qc6 7. Ne5 Qxc4 8. Nxc4 Nc6 9. Nb5 0-0-0 10. Bf4 Nd5 11. Be3 a6 12. Nc3 Nxe3 13. fxe3 e6 14. 0-0-0 Bb4 15. Ne5 Nxe5 16. dxe5 Bxc3 17. bxc3 Rxd1+ 18. Kxd1 Rd8+ 19. Kc1 Rd5 20. g3 Rxe5 21. Bg2 Rxe3 22. Kd2 Re5 23. Rb1 Bxb1 0-1